000 00644cab a2200217 4500
001 WB3417-13
008 090401t1998 xxu||||| |||| 00| 0 eng d
035 _a(Sirsi) u86083
041 _aeng
245 _aForestry Commission
260 _c1998
350 _a0
490 _aNational Audit Office Press Notice
_v(HC 688) 1 May 1998, (2)
520 _aThe National Audit Office report on the results of their examination of the disposal of forest land by the Forestry Commission.
650 _aDISPOSAL OF LAND
650 _aFORESTRY COMMISSION
650 _aFORESTS
690 _aCONSERVATION
942 _n0
948 _c07/05/1998
999 _c54152
_d54152